Wallace collection catalogues (Record no. 5351)

MARC details
000 -CABECERA
campo de control de longitud fija 00721nam a2200241 a 4500
001 - NÚMERO DE CONTROL
campo de control BRCA_5658
005 - FECHA Y HORA DE LA ÚLTIMA TRANSACCIÓN
campo de control 20190320205154.0
008 - DATOS DE LONGITUD FIJA--INFORMACIÓN GENERAL
campo de control de longitud fija 220211s1956----enka######---#001-0#eng-#
041 ## - CÓDIGO DE LENGUA
Código de lengua del texto/banda sonora o título independiente eng
044 ## - CÓDIGO DEL PAÍS DE LA ENTIDAD EDITORA/PRODUCTORA
Código MARC del país enk
050 #4 - SIGNATURA TOPOGRÁFICA DE LA BIBLIOTECA DEL CONGRESO
Número de clasificación NK2240
Número de documento/Ítem .W38 1956
100 1# - ENTRADA PRINCIPAL--NOMBRE DE PERSONA
Nombre de persona Watson, F. J. B.
9 (RLIN) 14379
245 10 - MENCIÓN DE TÍTULO
Título Wallace collection catalogues
Resto del título furniture
Mención de responsabilidad, etc. F. J. B. Watson.
260 ## - PUBLICACIÓN, DISTRIBUCIÓN, ETC.
Lugar de publicación, distribución, etc. Londres
Nombre del editor, distribuidor, etc. W. Clowes
Fecha de publicación, distribución, etc. 1956
300 ## - DESCRIPCIÓN FÍSICA
Extensión 360 p.
Otras características físicas il., 120 láminas
Dimensiones 25 cm.
500 ## - NOTA GENERAL
Nota general Incluye índice analítico e índice onomástico
501 ## - NOTA DE "CON"
Nota de “Con” F130
650 14 - PUNTO DE ACCESO ADICIONAL DE MATERIA--TÉRMINO DE MATERIA
Término de materia o nombre geográfico como elemento de entrada Muebles
Subdivisión general Coleccionistas y colecciones
9 (RLIN) 10289
650 14 - PUNTO DE ACCESO ADICIONAL DE MATERIA--TÉRMINO DE MATERIA
Término de materia o nombre geográfico como elemento de entrada Muebles
Subdivisión de forma Catálogos
9 (RLIN) 9329
650 14 - PUNTO DE ACCESO ADICIONAL DE MATERIA--TÉRMINO DE MATERIA
Término de materia o nombre geográfico como elemento de entrada Coleccionistas y colecciones
9 (RLIN) 14380
902 ## - CATALOGADOR
Iniciales GFM
942 ## - ELEMENTOS DE PUNTO DE ACCESO ADICIONAL (KOHA)
Fuente del sistema de clasificación o colocación Library of Congress Classification
Tipo de ítem Koha Libros
Holdings
Estado de retiro Estado de pérdida Estado dañado No para préstamo Localización permanente Ubicación/localización actual Fecha de adquisición Total de préstamos Signatura topográfica completa Código de barras Fecha visto por última vez Precio válido a partir de Tipo de ítem Koha
El ejemplar forma parte de la colección y puede ser consultado según las políticas vigentes.       Biblioteca del Museo Franz Mayer (Rogerio Casas-Alatriste) Biblioteca del Museo Franz Mayer (Rogerio Casas-Alatriste) 17/02/2011   NK2240 .W38 1956 6094 22/03/2019 22/03/2019 Libros